| 000 | 00485nam a22001937a 4500 | ||
|---|---|---|---|
| 999 |
_c480947 _d480947 |
||
| 003 | NUST | ||
| 005 | 20180828112357.0 | ||
| 008 | 180828b ||||| |||| 00| 0 eng d | ||
| 038 | _a0 | ||
| 050 | _a510.2462 | ||
| 082 | _a510.2462 | ||
| 100 |
_aKreyszig,Erwin. _9572 |
||
| 245 |
_aAdvanced Engineering Mathematics. _cErwin Kreyszig |
||
| 250 | _a7th ed. | ||
| 260 |
_aNew York _bJohn Wiley & Sons. _c1993 |
||
| 300 | _a118p. | ||
| 500 | _aHard Cover | ||
| 942 |
_2ddc _cBK _k510.2462 |
||